00357nam a2200121Ia 4500008004100000020001800041082001700059100001500076245008000091260002900171300001400200650002100214240825s9999 xx 000 0 und d a9789356030732 a346.066bMIT aMittal, DP 0aCorporate Governance Board of Directors, Duties and Functionsc/ Mittal, DP bCommercial Law Pubc2022 a670 pages aLaw &Criminology